| 000 | 00774cam a2200193 4500 | ||
|---|---|---|---|
| 001 | WS106558 | ||
| 008 | 000000n 000 0 eng u | ||
| 035 | _a(Sirsi) u106558 | ||
| 110 |
_aNational Trust _91987 |
||
| 245 | _aNational Trust | ||
| 520 | _aAn online version of the National Trust's handbook listing properties and services available. A sister site on environmental issues also has links to a photographic library. | ||
| 650 | _aCONSERVATION | ||
| 650 | _aNATURE CONSERVATION | ||
| 650 | 0 | _aPHOTOGRAPHIC LIBRARY | |
| 650 | _aORGANISATION | ||
| 690 | _aBUILT ENVIRONMENT-BUILDING MAINTENANCE AND REFURBISHMENT-BUILDING CONSERVATION | ||
| 856 | 4 | 0 |
_uhttps://www.nationaltrust.org.uk _zView the website free of charge at www.nationaltrust.org.uk... |
| 942 | _n0 | ||
| 999 |
_c119494 _d119494 |
||